| 000 | 01207nam a22003377a 4500 | ||
|---|---|---|---|
| 003 | CHAP | ||
| 005 | 20220329134044.0 | ||
| 008 | 971013s1980 r 00010 d | ||
| 010 | _a14739 | ||
| 011 | _a15711 | ||
| 035 | _a19787 | ||
| 040 | _cCHAP | ||
| 082 |
_a630.72 _bB4 |
||
| 100 | 0 | 0 |
_aBengtsson, Bo. _911572 |
| 245 | _aStrengthening national agricultural research; report from a SAREC workshop | ||
| 260 |
_aStockholm : _bSwedish Agency for Reseach Cooperation with Developing Countries, _c1980 |
||
| 300 | _a2 v. | ||
| 490 |
_aSAREC. Report _v; 1-2 |
||
| 590 |
_aBATCH-UPD _b10 _c20130110 _lUCH01 _h1628 |
||
| 590 |
_aBATCH-UPD _b10 _c20130410 _lUCH01 _h1021 |
||
| 590 |
_aBATCH-UPD _b10 _c20130914 _lUCH01 _h1931 |
||
| 590 |
_aCONVERSION _b10 _c20130109 _lUCH01 _h1309 |
||
| 650 | 1 | 4 |
_aAgricultura _xInvestigacion _xPaises subdesarrollados. _91657 |
| 650 | 1 | 4 |
_aPolítica científica _xPaíses subdesarrollados. _990468 |
| 700 | 0 |
_aTedla, Getachew. _9111983 |
|
| 830 | 0 |
_aSAREC. Report _v; 1-2 _9102628 |
|
| 901 | _aBK | ||
| 942 | _cLIBRO | ||
| 949 |
_a630.72 B4 _bBC _cLIBRO _d33724000037362 _eLIBRO _fv.2 _h52733 _i19787 _si |
||
| 949 |
_a630.72 B4 _bBC _cLIBRO _d33724000037370 _eLIBRO _fv.1 _h52732 _i19787 _si |
||
| 999 |
_c14739 _d14739 |
||